LEADER 01671nam 2200469 450 001 9910231060503321 005 20230802000112.0 010 $a88-913-0826-9 035 $a(CKB)3810000000209504 035 $a(MiAaPQ)EBC5991768 035 $a(EXLCZ)993810000000209504 100 $a20200603d2012 uy 0 101 0 $aita 135 $aurcnu|||||||| 181 $ctxt$2rdacontent 182 $cc$2rdamedia 183 $acr$2rdacarrier 200 10$aAcropoli di Atene $eun microcosmo della produzione e distribuzione della ceramica attica /$fElisabetta Pala 210 1$aRoma :$c"L'Erma" di Bretschneider,$d[2012] 210 4$dİ2012 215 $a1 online resource (430 pages, 31 unnumbered pages of plates) $cillustrations 225 1 $aSupplementi e monografie della rivista "Archeologia classica" ;$v8 - n.s. 5 311 $a88-913-0826-9 311 $a88-8265-625-X 320 $aIncludes bibliographical references (pages [411]-430). 410 0$aSupplementi e monografie della rivista "Archeologia classica" ;$v8 - n.s. 5. 606 $aPottery industry$zGreece$zAthens$xHistory 606 $aPottery, Greek$zGreece$zAttike? 607 $aAcropolis (Athens, Greece) 607 $aAthens (Greece)$xAntiquities 615 0$aPottery industry$xHistory. 615 0$aPottery, Greek 676 $a738.30938 700 $aPala$b Elisabetta$0612807 712 02$aUniversita? degli studi di Roma "La Sapienza."$bDipartimento di scienze dell'antichita?, 801 0$bMiAaPQ 801 1$bMiAaPQ 801 2$bMiAaPQ 906 $aBOOK 912 $a9910231060503321 996 $aAcropoli di Atene$91140317 997 $aUNINA LEADER 01617oam 2200469M 450 001 9910716510303321 005 20210706131226.0 035 $a(CKB)5470000002523057 035 $a(OCoLC)1065614997 035 $a(OCoLC)995470000002523057 035 $a(EXLCZ)995470000002523057 100 $a20071213d1926 ua 0 101 0 $aeng 135 $aurcn||||||||| 181 $ctxt$2rdacontent 182 $cc$2rdamedia 183 $acr$2rdacarrier 200 10$aJohn T. Wilson. April 5, 1926. -- Committed to the Committee of the Whole House and ordered to be printed 210 1$a[Washington, D.C.] :$c[U.S. Government Printing Office],$d1926. 215 $a1 online resource (6 pages) 225 1 $aHouse report / 69th Congress, 1st session. House ;$vno. 773 225 1 $a[United States congressional serial set] ;$v[serial no. 8536.] 300 $aBatch processed record: Metadata reviewed, not verified. Some fields updated by batch processes. 300 $aFDLP item number not assigned. 606 $aClaims 606 $aImprovements (Law) 606 $aLeases 606 $aRent 608 $aLegislative materials.$2lcgft 615 0$aClaims. 615 0$aImprovements (Law) 615 0$aLeases. 615 0$aRent. 701 $aAppleby$b Stewart Hoffman$f1890-1964$pRepublican (NJ)$01386847 801 0$bWYU 801 1$bWYU 801 2$bOCLCO 801 2$bOCLCQ 906 $aBOOK 912 $a9910716510303321 996 $aJohn T. Wilson. April 5, 1926. -- Committed to the Committee of the Whole House and ordered to be printed$93436118 997 $aUNINA